000
00397nam a22001697a 4500
003
MPLRDC
005
20220104113722.0
008
210129b ||||| |||| 00| 0 eng d
082
_a
848.1 XQ
100
_a
鲍霁著
245
_a
萧乾作品欣赏
_c
250
_a
一版一刷
260
_a
_b
广西人民出版社
_c
1986
300
_b
平
650
_a
现代别集
942
_c
BK
_o
848.1 XQ
999
_c
1821
_d
1811